Traduction de vocabulaire aléatoire de langue étrangère - Statistiques

Statistiques générales
  • Ce quiz a été pris 614 fois
  • Le résultat moyen est 18 sur 20
Statistiques - réponses
Mot Traduction % Correct
Fish Poisson
100%
Fische Poisson
96%
Pez Poisson
94%
Pesce Poisson
94%
Peixe Poisson
93%
Vis Poisson
91%
Ψάρι Poisson
90%
Visk Poisson
90%
魚類 Poisson
89%
حوت Poisson
89%
Pește Poisson
88%
Balık Poisson
88%
Рыбы Poisson
88%
Риба Poisson
88%
דג Poisson
88%
Halak Poisson
87%
Poisson
87%
Kala Poisson
87%
Kalad Poisson
87%
अप्रैल Avril
39%
Aucun quiz correspondant
Distribution des résultats
% des personnes avec chaque résultat
Percentile par nombre de réponses
Votre historique - résultats
Vous n’avez pas pris ce quiz